Rising Wage Inequality and the U.S. Gender Gap (Registro nro. 28134)

Detalles MARC
000 -LEADER
fixed length control field 00375 a2200121 4500
001 - CONTROL NUMBER
control field ART_46647
005 - DATE AND TIME OF LATEST TRANSACTION
control field 20260410161926.0
008 - FIXED-LENGTH DATA ELEMENTS--GENERAL INFORMATION
fixed length control field 260409a
100 1# - MAIN ENTRY--PERSONAL NAME
Personal name Blau, Francine D.
245 10 - TITLE STATEMENT
Title Rising Wage Inequality and the U.S. Gender Gap
700 1# - ADDED ENTRY--PERSONAL NAME
Personal name Kahn, Lawrence M.
773 0# - HOST ITEM ENTRY
Title The American Economic Review
Related parts - Vol. 84, Nº 2 (mayo 1994)
Record control number REV16190

No hay ítems disponibles.